Fake news connues#1 - Statistiques

Statistiques générales
  • Ce quiz a été pris 127 fois
  • Le résultat moyen est 5 sur 10
Statistiques - réponses
Question Réponse % Correct
Combien de temps a duré la guerre de cent ans ? 116
80%
A quel moment les vikings portent un casque avec corne pour montrer la richesse
80%
Par quoi les moustiques sont attirés ? l'odeur
60%
Combien de pourcents de notre cerveau nous utilisons ? 100% en alternance
40%
Combien de temps mets un chewing-gum à être digéré ? comme tout aliment
40%
Qui étaient les gladiateurs ? Des professionnels
40%
Quelle est la couleur des dents saines ? jaune
40%
Quel est l'animal qui ne peut pas voler ? le manchot
40%
Pourquoi les pirates se couvrent-ils un oeil ? pour l'habituer au noir
40%
Où se situe le coeur ? Aucentre du thorax
20%
Aucun quiz correspondant
Distribution des résultats
% des personnes avec chaque résultat
Percentile par nombre de réponses
Votre historique - résultats
Vous n’avez pas pris ce quiz